01136nam a2200217 a 450000100100000000500170001000800410002702000180006804000250008608200150011110000360012624502490016226000530041130000310046450000370049504900090053295201280054195201130066995201190078299900170090100002502120200930023519.0110209s2007 dr ac 000 0 spa d a9780979226403 aDO-SdBNPbspacBNPHU axxxbB726p1 aBorbón Parma, Edita de95135310aPresidente Don Horacio Vásquez Lajara y Doña Trina Moya de Vásquez :bla verdad sobre su descendencia vinculada a la familia real española desde los tiempos coloniales y víctimas de la dictadura de Trujillo /cEdita de Borbón Parma. a[Santo Domingo] :bRazón Real, limited,c2007. av. :bil., retr. ;c29 cm. aLa biblioteca posee el volumen I aBNPD 001054708DSaGRbGRcCTd2011-04-15iLF1l0oxxx B726pp25021-30r2020-06-25te. 3w2020-06-25yLFDSZPréstamo en sala 0010718PDaPDbPDcCTd2011-02-09iLF1l0oxxx B726pp25021-10r2020-06-25w2020-06-25yLFPDZNo se presta 0010718PDaPDbPDcCTd2011-03-31iLF1l0oxxx B726pp25021-20r2020-06-25te. 2w2020-06-25yLFPDZNo se presta c24514d24514